Nhà cửa các dân tộc ở trung du Bắc bộ Việt Nam
Nghiên cứu về vấn đề nhà của các dân tộc ở Trung du : Nhà người Việt, Mường, Tày, Nùng, Hoa, Dao... Những đặc điểm về địa lý vùng trung du Bắc bộ, đặc trưng dân tộc người và sự chuyển biến của ngôi nhà các dân tộc ở Trung du Bắc bộ việt Nam...
Đã lưu trong:
| Hovedforfatter: | |
|---|---|
| Format: | Bog |
| Udgivet: |
H.
Khoa học xã hội
1978
|
| Fag: | |
| Tags: |
Tilføj Tag
Ingen Tags, Vær først til at tagge denne postø!
|
| Thư viện lưu trữ: | Mạng thư viện Đại học Đà Nẵng |
|---|
| LEADER | 01587nam a22004098a 4500 | ||
|---|---|---|---|
| 001 | 000010035 | ||
| 003 | 6234 | ||
| 005 | 20111109101119.0 | ||
| 008 | 111109s1978 b 000 0 od | ||
| 020 | |c 3500đ |d 4000b | ||
| 080 | |a 902.7(V) | ||
| 082 | |a 690.089597 |b NG-T | ||
| 084 | |a P | ||
| 100 | 1 | |a Nguyễn Khắc Tụng | |
| 245 | 1 | 0 | |a Nhà cửa các dân tộc ở trung du Bắc bộ Việt Nam |c Nguyễn Khắc Tụng |
| 260 | |a H. |b Khoa học xã hội |c 1978 | ||
| 300 | |a 154tr : ảnh |c 26cm | ||
| 520 | |a Nghiên cứu về vấn đề nhà của các dân tộc ở Trung du : Nhà người Việt, Mường, Tày, Nùng, Hoa, Dao... Những đặc điểm về địa lý vùng trung du Bắc bộ, đặc trưng dân tộc người và sự chuyển biến của ngôi nhà các dân tộc ở Trung du Bắc bộ việt Nam | ||
| 653 | |a dân tộc học | ||
| 653 | |a dao-dân tộc | ||
| 653 | |a việt nam | ||
| 653 | |a dân tộc | ||
| 653 | |a nghiên cứu | ||
| 653 | |a nhà | ||
| 653 | |a việt-dân tộc | ||
| 653 | |a mường | ||
| 910 | |a Nguyễn Thị Kim Oanh |d 9/11/2011 | ||
| OWN | |a LSP | ||
| AVA | |a UDN50 |b LSP |d 690.089597 NG-T |e unavailable |t Error 5002 Not defined in file expand_doc_bib_avail. |f 3 |g 3 |h N |i 0 |k 1 | ||
| 999 | |a From the UDN01 | ||
| AVA | |a UDN50 |b LSP |d 690.089597 NG-T |e unavailable |t Error 5002 Not defined in file expand_doc_bib_avail. |f 3 |g 3 |h N |i 0 |k 1 | ||
| TYP | |a Monograph | ||
| TYP | |a Printed language | ||
| 980 | |a Mạng thư viện Đại học Đà Nẵng | ||